[Event "Bogota Superate Intercol Adv-B"]
[Site "Bogota"]
[Date "2014.10.25"]
[Round "2.6"]
[White "Diaz Herrera, Leider Andres"]
[Black "Walteros, Juan Diego"]
[Result "1-0"]
[WhiteElo "1901"]
[BlackElo "1750"]
[PlyCount "53"]
[EventDate "2014.10.25"]
[EventType "swiss (rapid)"]
[EventRounds "6"]
[EventCountry "COL"]
[SourceTitle "EXT 2024"]
[Source "ChessBase"]
[SourceDate "2023.10.10"]
[SourceVersion "1"]
[SourceVersionDate "2023.10.10"]
[SourceQuality "1"]

1. d4 d5 2. Bf4 Bf5 3. c4 Nf6 4. Nc3 e6 5. e3 h6 6. Qb3 b6 7. cxd5 a6 8. Qa4+ Nbd7 9. dxe6 fxe6 10. Qc6 Ra7 11. e4 Bh7 12. Qxe6+ Qe7 13. Qxe7+ Bxe7 14. e5 Nh5 15. Be3 g5 16. Nd5 c6 17. Be2 Ng7 18. Nxe7 Kxe7 19. h4 Ne6 20. hxg5 hxg5 21. Bd3 Ndf8 22. Nf3 Nf4 23. Bxf4 gxf4 24. Ng5 Ke8 25. Rc1 Rg7 26. Nxh7 Nxh7 27. Rxc6 1-0

[Event "Central America & Caribbean U16"]
[Site "Palmira"]
[Date "2014.10.07"]
[Round "8.5"]
[White "Walteros, Juan Diego"]
[Black "Uzcategui Rodriguez, Alejandro"]
[Result "0-1"]
[WhiteElo "1750"]
[BlackElo "2097"]
[PlyCount "70"]
[EventDate "2014.10.04"]
[EventType "swiss"]
[EventRounds "9"]
[EventCountry "COL"]
[SourceTitle "EXT 2024"]
[Source "ChessBase"]
[SourceDate "2023.10.10"]
[SourceVersion "1"]
[SourceVersionDate "2023.10.10"]
[SourceQuality "1"]

1. d4 f5 2. c4 Nf6 3. Nc3 g6 4. g3 Bg7 5. Bg2 0-0 6. e3 d6 7. Nge2 e5 8. e4 Nc6 9. 0-0 h6 10. d5 Ne7 11. f4 fxe4 12. fxe5 dxe5 13. Nxe4 Nxe4 14. Bxe4 Bh3 15. Bg2 Bxg2 16. Kxg2 Rxf1 17. Qxf1 Qd6 18. Nc3 Rf8 19. Qe2 Nf5 20. Be3 Qb4 21. Bg1 Nd4 22. Bxd4 exd4 23. Nd1 d3 24. Qxd3 Qe1 25. Rb1 Kh7 26. Nc3 Rf2+ 27. Kh3 Qe5 28. Qe4 Qh5+ 29. Qh4 Qf5+ 30. Qg4 Rxh2+ 31. Kxh2 Qxg4 32. c5 Bxc3 33. bxc3 Qh5+ 34. Kg1 Qxd5 35. Kh2 Qxa2+ 0-1

[Event "Bogota Superate Intercol Adv-B"]
[Site "Bogota"]
[Date "2014.10.??"]
[Round "6.8"]
[White "Olarte Parra, Jhoan Sebastian"]
[Black "Walteros, Juan Diego"]
[Result "1/2-1/2"]
[WhiteElo "1972"]
[BlackElo "1745"]
[PlyCount "156"]
[EventDate "2014.10.25"]
[EventType "swiss (rapid)"]
[EventRounds "6"]
[EventCountry "COL"]
[SourceTitle "EXT 2024"]
[Source "ChessBase"]
[SourceDate "2023.10.10"]
[SourceVersion "1"]
[SourceVersionDate "2023.10.10"]
[SourceQuality "1"]

1. e4 e6 2. d3 d5 3. Qe2 Nf6 4. Nf3 Be7 5. g3 c5 6. Bg2 0-0 7. 0-0 Nc6 8. c3 Re8 9. e5 Nd7 10. d4 cxd4 11. cxd4 Qb6 12. Rd1 f6 13. Bh3 Nf8 14. Be3 Bd7 15. Nc3 Na5 16. Nd2 fxe5 17. Nf3 e4 18. Ne5 Bf6 19. Nxd7 Nxd7 20. Nxd5 exd5 21. Bxd7 Re7 22. Bh3 Nc4 23. b3 Nd6 24. Rac1 Nb5 25. Rc5 Nc7 26. Rdc1 Rd8 27. Qd2 Ne6 28. Bxe6+ Qxe6 29. b4 Ree8 30. Rc7 Rd7 31. Bf4 Rxc7 32. Rxc7 Qb6 33. Rc5 Qe6 34. Qc3 Bd8 35. Qb3 Be7 36. Rxd5 Bxb4 37. Rb5 Qxb3 38. axb3 Bc3 39. Be5 Re7 40. Rc5 Bb2 41. Rc2 Ba1 42. Ra2 Bc3 43. Rxa7 Rd7 44. Ra4 b5 45. Ra8+ Kf7 46. Rb8 b4 47. Rb5 Bxd4 48. Kg2 Bxe5 49. Rxe5 Rd4 50. Kf1 Rd3 51. Rxe4 Rxb3 52. Rd4 Rb2 53. Rd7+ Kf6 54. Rb7 h5 55. Kg2 Rb3 56. Rb5 g6 57. f4 Kf7 58. Kh3 Rb2 59. Rb7+ Kf6 60. Rb5 Kf7 61. Rg5 Kf6 62. Rb5 Kf7 63. g4 hxg4+ 64. Kg3 Kf6 65. Kxg4 Rxh2 66. Rb6+ Kg7 67. Rxb4 Rg2+ 68. Kf3 Rg1 69. Ke4 Kh6 70. Ke5 Kh5 71. Rb5 Kg4 72. Kf6 Kxf4 73. Rb4+ Ke3 74. Rb5 Kf4 75. Rb4+ Kf3 76. Rb3+ Kf4 77. Rb4+ Kf3 78. Rb5 Kf4 1/2-1/2

[Event "Bogota McGregor op 4th"]
[Site "Bogota"]
[Date "2013.12.07"]
[Round "6"]
[White "Corredor Rengifo, Luis Fernando"]
[Black "Walteros, Juan Diego"]
[Result "1-0"]
[WhiteElo "2030"]
[BlackElo "1767"]
[PlyCount "99"]
[EventDate "2013.12.04"]
[EventType "swiss"]
[EventRounds "9"]
[EventCountry "COL"]
[SourceTitle "CBM 157 Extra"]
[Source "ChessBase"]
[SourceDate "2013.12.19"]
[SourceVersion "1"]
[SourceVersionDate "2013.12.19"]
[SourceQuality "1"]

1. d4 d5 2. c4 c6 3. Nc3 e6 4. e4 Nd7 5. cxd5 cxd5 6. exd5 exd5 7. Nxd5 Qa5+ 8. Nc3 Bb4 9. Bd2 a6 10. Nf3 Ne7 11. Bd3 0-0 12. 0-0 b5 13. Re1 Qd8 14. Bg5 Nb6 15. a3 Bd6 16. Bxe7 Bxe7 17. Be4 Rb8 18. Ne5 Bd7 19. Qh5 g6 20. Qf3 Bd6 21. Bd5 Nxd5 22. Nxd5 Bxe5 23. dxe5 Be6 24. Nf6+ Kg7 25. Re4 Qd2 26. Rh4 Rh8 27. b4 Rbc8 28. h3 Rc3 29. Ne4 Rxf3 30. Nxd2 Rc3 31. Rd4 Bf5 32. Rd6 Rd3 33. Rxd3 Bxd3 34. Rc1 Re8 35. Rc5 Ra8 36. Nb3 Bf5 37. Rc3 h5 38. Re3 Rc8 39. Kh2 Rc6 40. Nd4 Rc7 41. Nxf5+ gxf5 42. e6 Re7 43. exf7 Rxe3 44. f8Q+ Kxf8 45. fxe3 Kg7 46. Kg3 Kg6 47. h4 Kf7 48. Kf4 Kf6 49. g3 Kg6 50. Ke5 1-0

[Event "Bogota McGregor op 4th"]
[Site "Bogota"]
[Date "2013.12.04"]
[Round "1"]
[White "Franco Valencia, Angela Maria"]
[Black "Walteros, Juan Diego"]
[Result "1-0"]
[WhiteElo "2169"]
[BlackElo "1767"]
[PlyCount "61"]
[EventDate "2013.12.04"]
[EventType "swiss"]
[EventRounds "9"]
[EventCountry "COL"]
[SourceTitle "CBM 157 Extra"]
[Source "ChessBase"]
[SourceDate "2013.12.19"]
[SourceVersion "1"]
[SourceVersionDate "2013.12.19"]
[SourceQuality "1"]

1. e4 e6 2. d3 d5 3. Nd2 Nf6 4. Ngf3 b6 5. e5 Nfd7 6. d4 c5 7. c3 Bb7 8. Bd3 Nc6 9. a3 cxd4 10. cxd4 Rc8 11. Nb3 Be7 12. Be3 0-0 13. h4 h6 14. Qd2 f5 15. Bxh6 Kf7 16. Ng5+ Bxg5 17. Bxg5 Qe8 18. Be2 Rh8 19. g4 Ne7 20. h5 Nf8 21. Bxe7 Qxe7 22. gxf5 exf5 23. Bd3 Ke6 24. Ke2 g6 25. Qf4 Qf7 26. Rag1 a5 27. Rg5 Ke7 28. Qh4 Kd7 29. Qg3 f4 30. Qg4+ Ke7 31. Kf3 1-0

[Event "COL-ch U14"]
[Site "Medellin"]
[Date "2013.04.28"]
[Round "3"]
[White "Jimenez, Leonardo Andres"]
[Black "Walteros, Juan Diego"]
[Result "1-0"]
[WhiteElo "1886"]
[BlackElo "1488"]
[PlyCount "81"]
[EventDate "2013.04.26"]
[EventType "swiss"]
[EventRounds "7"]
[EventCountry "COL"]
[SourceTitle "EXT 2015"]
[Source "ChessBase"]
[SourceDate "2014.11.20"]
[SourceVersion "1"]
[SourceVersionDate "2014.11.20"]
[SourceQuality "1"]

1. e4 e5 2. Nf3 Nc6 3. d4 exd4 4. Bc4 Be7 5. Nxd4 d6 6. Nc3 Nf6 7. Bf4 0-0 8. Nxc6 bxc6 9. 0-0 Rb8 10. Qe2 Be6 11. b3 d5 12. Rad1 d4 13. Bxe6 fxe6 14. Qc4 Qc8 15. Rxd4 Rb4 16. Qd3 Rxd4 17. Qxd4 c5 18. Qe3 c6 19. Rd1 Nd7 20. Bd6 Qe8 21. f3 Rf7 22. Na4 Bf6 23. e5 Bd8 24. Kh1 Rf5 25. Qe4 Rf7 26. Qxc6 Bb6 27. Bxc5 Nf6 28. Qxe8+ Nxe8 29. Nxb6 Rc7 30. Nd7 Kf7 31. b4 a5 32. Nf8 h6 33. Rd7+ Rxd7 34. Nxd7 axb4 35. Bxb4 Nc7 36. Kg1 Nd5 37. Bd6 Ke8 38. Nc5 Kf7 39. a4 Nc3 40. a5 Nb5 41. a6 1-0